Loading...
| Science - Physics | 0 | 8 | 0 | 0 | 80 | 20 | 41.63 | 4 | 8 | 54.03 | 78.57 |
| Science - Other | 0 | 6 | 1 | 0 | 55 | 24 | 60.00 | 4 | 5 | 33.28 | 58.20 |
| Science - Chemistry | 0 | 5 | 1 | 0 | 45 | 66 | 88.20 | 0 | 4 | 10.68 | 36.24 |
| Religion | 0 | 4 | 2 | 0 | 30 | 61 | 77.50 | 0 | 3 | 13.78 | 28.57 |
| History - American | 0 | 3 | 0 | 0 | 30 | 58 | 79.33 | 0 | 1 | 8.99 | 11.38 |
| Literature - British | 0 | 3 | 1 | 1 | 25 | 37 | 84.67 | 1 | 1 | 8.09 | 14.55 |
| Literature - European | 0 | 2 | 0 | 0 | 20 | 99 | 102.50 | 0 | 0 | 3.49 | 8.20 |
| Geography | 0 | 2 | 0 | 1 | 20 | 110 | 111.00 | 0 | 0 | 0.22 | 19.64 |
| History - European | 0 | 2 | 0 | 0 | 20 | 70 | 87.50 | 1 | 1 | 3.77 | 12.70 |
| History - World | 0 | 3 | 2 | 1 | 20 | 54 | 75.00 | 0 | 2 | 9.75 | 20.90 |
| Mythology | 0 | 2 | 0 | 1 | 20 | 72 | 96.50 | 0 | 2 | 3.42 | 3.70 |
| Philosophy | 0 | 2 | 0 | 0 | 20 | 79 | 80.00 | 1 | 1 | 6.69 | 20.41 |
| Fine Arts - Painting and Sculpture | 0 | 1 | 0 | 1 | 10 | 122 | 122.00 | 0 | 0 | 0.09 | 1.85 |
| Science - Biology | 0 | 1 | 0 | 0 | 10 | 82 | 82.00 | 0 | 0 | 2.83 | 3.17 |
| History - Other | 0 | 2 | 2 | 1 | 10 | 103 | 109.00 | 0 | 0 | 1.26 | 5.29 |
| Current Events | 0 | 2 | 2 | 0 | 10 | 74 | 84.00 | 0 | 1 | 11.31 | 25.00 |
| Literature - World | 0 | 0 | 0 | 0 | 0 | 0.00 | 0 | 0 | 0.00 | 0.00 | |
| Fine Arts - Other | 0 | 0 | 0 | 0 | 0 | 0.00 | 0 | 0 | 0.00 | 0.00 | |
| Popular Culture | 0 | 1 | 2 | 0 | 0 | 32 | 32.00 | 1 | 1 | 11.82 | 16.67 |
| Literature - American | 0 | 0 | 0 | 0 | 0 | 0.00 | 0 | 0 | 0.00 | 0.00 |